Countries Bordering Niger (With Map) - Statistics

General Stats
  • This quiz has been taken 97 times
  • The average score is 7 of 7
Answers on the Map
Answers color-coded by a green-red scale on the quiz's map according to % correct below.
 
Answer Stats
Country % Correct
Chad
99%
Nigeria
99%
Algeria
98%
Libya
96%
Mali
95%
Benin
90%
Burkina Faso
88%
No matching quizzes found
Score Distribution
Percent of People with Each Score
Percentile by Number Answered
Your Score History
You have not taken this quiz